000 01410nmm a2200481 a 4500
003 AR-BaBNM
005 20251128205125.0
008 306019s1985 ||||||||||||||000 | spa||
020 _a968-16-0510-1
040 _cAR-BaBNM
100 1 _aMayer, Jacob Peter
_d1903
245 1 0 _aTrayectoria del pensamiento político
250 _a1ª ed.
260 _aMéxico, D.F.
_bFondo de Cultura Económica
_c1985
300 0 _a346 p.
500 0 _aIndice analítico: p. 335-344
504 _aContiene bibliografía al final de cada capítulo
650 4 _aCIENCIAS POLITICAS
650 4 _aHISTORIA DE LAS IDEAS
650 4 _aRENACIMIENTO
650 4 _aHISTORIA ANTIGUA
650 4 _aHISTORIA MEDIEVAL
650 4 _aHISTORIA MODERNA
650 4 _aSIGLO DIECISIETE
650 4 _aHISTORIA CULTURAL
650 4 _aTEORIA POLITICA
650 4 _aFILOSOFIA POLITICA
650 4 _aHISTORIA EUROPEA
651 4 _aURSS
651 4 _aReino Unido
651 4 _aItalia
651 4 _aFrancia
651 4 _aEstados Unidos
651 4 _aAlemania
700 1 _aCrossman, Richard Howard Stafford
_ecolaborador
700 1 _aKecskemeti, Paul
_ecolaborador
700 1 _aBramsted, Ernest Kohn
_ecolaborador
700 1 _aSprigge, Cecil Jackson Squire
_ecolaborador
700 1 _aHerrero, Vicente
_etraductor
700 1 _aTawney, Richard Henry
_eprologuista
942 _cBK
998 _cEnrique
999 _c10080
_d10080